00243pam a2200097a 44500008004100000041000800041100001900049245003100068260003800099300000800137230405s2020 xxu||||| |||| 00| 0 eng d aENG aBeiser Mahajan aConcepts of Modern Physics aNew DelhibMcGraw Hill Edu.c2020 a622